00927cam a2200241 a 4500999001700000008004100017010001700058020001800075020001500093050002200108100003700130245006600167246002200233250006800255260005000323300003900373504005100412650002400463700002400487700001800511942003400529952012200563 c17214d17214110711s2011 moua b 001 0 eng  a 2011290145 a9781416054399 a141605439100aR728.8 .K493 20111 aYoung-Adams, Alexandra Patricia.10aKinn's The medical assistant :ban applied learning approach.30aMedical assistant a11th ed. /bAlexandra Patricia Young-Adams, Deborah B. Proctor. aSt. Louis, Mo. :bElsevier, Saunders,cc2011. axx, 1356 p. :bcol. ill. ;c29 cm. aIncludes bibliographical references and index. 0aMedical assistants.1 aProctor, Deborah B.1 aKinn, Mary E. 2lcccBOOKShR728.8 .K493 2011 00102lcc4070aMUCbMUCcGENd2016-11-22eDonation(BFA)l0oR728.8 .K493 2011p28010r2016-11-22w2016-11-22yBOOKS